Catalog

Record Details

Catalog Search



Available copies

  • 1 of 1 copy available at LARL/NWRL Consortium.
  • 1 of 1 copy available at Lake Agassiz Regional Library. (Show preferred library)

Current holds

0 current holds with 1 total copy.

Show Only Available Copies
Location Call Number / Copy Notes Barcode Shelving Location Status Due Date
Moorhead Public Library SF DOU (Text) 33500012789558 Main Available -

Record details

  • ISBN: 9781328567468
  • ISBN: 132856746X
  • Physical Description: vi, 353 pages ; 21 cm
  • Publisher: Boston ; Mariner Books, Houghton Mifflin Harcourt, 2018.

Content descriptions

General Note:
"A John Joseph Adams book."
Summary, etc.:
Three years after a spaceship landed in Sorrow ... Read More
Subject: Space ships > Fiction.
Science fiction.
FICTION / Science Fiction / General.
Space ships > Fiction.
Science fiction.
Science fiction.
Space ships.
Genre: Science fiction.
Science fiction.
Fiction.
Science fiction.
Young adult works.
LDR 02170cam a22005418i 4500
001292223
003LARL_NWRL_CONSORTIUM
00520181019144407.0
008180511s2018 mau d 000 1 eng
010 . ‡a 2018017521
040 . ‡aDLC ‡beng ‡erda ‡cDLC ‡dOCLCO ‡dYDX ‡dBDX ‡dIEB ‡dT7B ‡dQQ3 ‡dCO2 ‡dOCLCO ‡dFMG ‡dJP3 ‡dOCLCF
019 . ‡a1020284580 ‡a1049711622
020 . ‡a9781328567468 ‡q(paperback)
020 . ‡a132856746X ‡q(paperback)
035 . ‡a(OCoLC)1035798553 ‡z(OCoLC)1020284580 ‡z(OCoLC)1049711622
042 . ‡apcc ‡alcac
043 . ‡an-us-ma
08200. ‡a[Fic] ‡223
084 . ‡aFIC028000 ‡2bisacsh
1001 . ‡aDoucette, Gene, ‡d1968- ‡eauthor.
24514. ‡aThe spaceship next door. ‡n#1 / ‡cGene Doucette.
264 1. ‡aBoston ; ‡aNew York : ‡bMariner Books, Houghton Mifflin Harcourt, ‡c2018.
300 . ‡avi, 353 pages ; ‡c21 cm
336 . ‡atext ‡btxt ‡2rdacontent
337 . ‡aunmediated ‡bn ‡2rdamedia
338 . ‡avolume ‡bnc ‡2rdacarrier
4900 . ‡aSorrow Falls ; ‡v1
500 . ‡a"A John Joseph Adams book."
520 . ‡aThree years after a spaceship landed in Sorrow Falls, Massachusetts, a government operative comes to investigate and finds that Annie Collins, sixteen, might have the answers he seeks.
650 1. ‡aSpace ships ‡vFiction. ‡0(LARL_NWRL_CONSORTIUM)167257
650 1. ‡aScience fiction. ‡0(LARL_NWRL_CONSORTIUM)30394
650 7. ‡aFICTION / Science Fiction / General. ‡2bisacsh
650 0. ‡aSpace ships ‡vFiction. ‡0(LARL_NWRL_CONSORTIUM)167257
650 0. ‡aScience fiction. ‡0(LARL_NWRL_CONSORTIUM)30394
650 7. ‡aScience fiction. ‡2fast ‡0(LARL_NWRL_CONSORTIUM)30394
650 7. ‡aSpace ships. ‡2fast ‡0(LARL_NWRL_CONSORTIUM)31628
655 7. ‡aScience fiction. ‡2lcgft
655 7. ‡aScience fiction. ‡2gsafd
655 7. ‡aFiction. ‡2fast
655 7. ‡aScience fiction. ‡2fast
655 7. ‡aYoung adult works. ‡2fast
77608. ‡iOnline version: ‡aDoucette, Gene, 1968- author. ‡tSpaceship next door ‡dBoston ; New York : Mariner Books, 2018 ‡z9781328567543 ‡w(DLC) 2018023314
901 . ‡a292223 ‡bOCoLC ‡c292223 ‡tbiblio ‡soclc

Additional Resources